<?xml version="1.0" encoding="UTF-8"?>
<record
    xmlns:xsi="http://www.w3.org/2001/XMLSchema-instance"
    xsi:schemaLocation="http://www.loc.gov/MARC21/slim http://www.loc.gov/standards/marcxml/schema/MARC21slim.xsd"
    xmlns="http://www.loc.gov/MARC21/slim">

  <leader>     nam a22     7a 4500</leader>
  <datafield tag="999" ind1=" " ind2=" ">
    <subfield code="c">7205</subfield>
    <subfield code="d">7205</subfield>
  </datafield>
  <controlfield tag="003">OSt</controlfield>
  <controlfield tag="005">20181204174912.0</controlfield>
  <controlfield tag="008">181204s2018    spc||||  |||| 0|0 f spa|d</controlfield>
  <datafield tag="017" ind1=" " ind2=" ">
    <subfield code="a">DL B 17913-2018</subfield>
    <subfield code="b">Biblioteca de Catalunya</subfield>
  </datafield>
  <datafield tag="020" ind1=" " ind2=" ">
    <subfield code="a">9788417007621</subfield>
  </datafield>
  <datafield tag="040" ind1=" " ind2=" ">
    <subfield code="a">ES-BaBC</subfield>
    <subfield code="b">cat</subfield>
    <subfield code="c">CDMR</subfield>
  </datafield>
  <datafield tag="100" ind1="1" ind2=" ">
    <subfield code="a">Walsh, Rodolfo J.,</subfield>
  </datafield>
  <datafield tag="245" ind1="1" ind2="0">
    <subfield code="a">Operaci&#xF3;n Masacre </subfield>
    <subfield code="c">/ Rodolfo Walsh ; introducci&#xF3;n de Leila Guerriero</subfield>
  </datafield>
  <datafield tag="260" ind1=" " ind2=" ">
    <subfield code="a">Barcelona :</subfield>
    <subfield code="b">Libros del Asteroide,</subfield>
    <subfield code="c">2018</subfield>
  </datafield>
  <datafield tag="300" ind1=" " ind2=" ">
    <subfield code="a">XIX, 226 p. ;</subfield>
    <subfield code="c">20 cm</subfield>
  </datafield>
  <datafield tag="650" ind1=" " ind2="7">
    <subfield code="a">Policia</subfield>
    <subfield code="z">Argentina</subfield>
    <subfield code="x">Narrativa</subfield>
    <subfield code="2">lemac</subfield>
  </datafield>
  <datafield tag="651" ind1=" " ind2="7">
    <subfield code="a">Argentina</subfield>
    <subfield code="x">Hist&#xF2;ria</subfield>
    <subfield code="y">1943-1955</subfield>
    <subfield code="x">Narrativa</subfield>
    <subfield code="2">lemac</subfield>
  </datafield>
  <datafield tag="651" ind1=" " ind2="7">
    <subfield code="a">Argentina</subfield>
    <subfield code="x">Pol&#xED;tica i govern</subfield>
    <subfield code="y">1943-1955</subfield>
    <subfield code="x">Narrativa</subfield>
    <subfield code="2">lemac</subfield>
  </datafield>
  <datafield tag="942" ind1=" " ind2=" ">
    <subfield code="2">udc</subfield>
    <subfield code="c">MON</subfield>
  </datafield>
  <datafield tag="952" ind1=" " ind2=" ">
    <subfield code="0">0</subfield>
    <subfield code="1">0</subfield>
    <subfield code="4">0</subfield>
    <subfield code="7">0</subfield>
    <subfield code="a">CDMR</subfield>
    <subfield code="b">CDMR</subfield>
    <subfield code="d">2018-12-04</subfield>
    <subfield code="e">Intercanvi</subfield>
    <subfield code="g">17.95</subfield>
    <subfield code="l">12</subfield>
    <subfield code="m">8</subfield>
    <subfield code="o">Dj /107</subfield>
    <subfield code="p">CDMR18120017</subfield>
    <subfield code="r">2021-12-09</subfield>
    <subfield code="s">2021-11-25</subfield>
    <subfield code="v">17.95</subfield>
    <subfield code="w">2018-12-04</subfield>
    <subfield code="y">MON</subfield>
  </datafield>
</record>
